<?xml version="1.0" encoding="UTF-8"?>
<record
    xmlns:xsi="http://www.w3.org/2001/XMLSchema-instance"
    xsi:schemaLocation="http://www.loc.gov/MARC21/slim http://www.loc.gov/standards/marcxml/schema/MARC21slim.xsd"
    xmlns="http://www.loc.gov/MARC21/slim">

  <leader>01963nea a2200433 i 4500</leader>
  <controlfield tag="001">196752</controlfield>
  <controlfield tag="003">SpMaBN</controlfield>
  <controlfield tag="005">20250107182108.0</controlfield>
  <controlfield tag="007">aj aanzn</controlfield>
  <controlfield tag="008">241104s1799    fr bdez   e         fre  </controlfield>
  <datafield tag="016" ind1="7" ind2=" ">
    <subfield code="a">bicaBNE20050043412</subfield>
    <subfield code="z">AMER89003730</subfield>
    <subfield code="2">SpMaBN</subfield>
  </datafield>
  <datafield tag="034" ind1="1" ind2=" ">
    <subfield code="a">a</subfield>
    <subfield code="b">766284</subfield>
  </datafield>
  <datafield tag="035" ind1=" " ind2=" ">
    <subfield code="a">(SpMaBN)bica0000078269</subfield>
  </datafield>
  <datafield tag="035" ind1=" " ind2=" ">
    <subfield code="a">(OCoLC)733733933</subfield>
  </datafield>
  <datafield tag="035" ind1=" " ind2=" ">
    <subfield code="a">991037196619708606</subfield>
  </datafield>
  <datafield tag="040" ind1=" " ind2=" ">
    <subfield code="a">SpMaBN</subfield>
    <subfield code="b">spa</subfield>
    <subfield code="c">SpMaBN</subfield>
    <subfield code="e">rdc</subfield>
  </datafield>
  <datafield tag="080" ind1=" " ind2=" ">
    <subfield code="a">(7)</subfield>
    <subfield code="2">2015</subfield>
  </datafield>
  <datafield tag="245" ind1="0" ind2="0">
    <subfield code="a">C&#xF4;te Nord-ouest de l'Amerique</subfield>
    <subfield code="h">[Material Cartogr&#xE1;fico],</subfield>
    <subfield code="b">reconnue par le Cap. Vancouver, VI.e. Partie, depuis 50&#xBA;45' de Latitude Seple. et 219&#xBA;30' de Longde, jusqu'a 59&#xBA;56' de Late et 212&#xBA;8' de longde.</subfield>
  </datafield>
  <datafield tag="255" ind1=" " ind2=" ">
    <subfield code="a">Escala [ca. 1:766.284]</subfield>
  </datafield>
  <datafield tag="260" ind1=" " ind2=" ">
    <subfield code="a">[A Paris] :</subfield>
    <subfield code="b">[De L'Imprimerie de la R&#xE9;publique],</subfield>
    <subfield code="c">[1799]</subfield>
  </datafield>
  <datafield tag="300" ind1=" " ind2=" ">
    <subfield code="a">1 mapa ;</subfield>
    <subfield code="c">92 x 65 cm</subfield>
  </datafield>
  <datafield tag="336" ind1=" " ind2=" ">
    <subfield code="a">Imagen (cartogr&#xE1;fica ; fija ; bidimensional ; visual)</subfield>
    <subfield code="2">rdacontent</subfield>
  </datafield>
  <datafield tag="337" ind1=" " ind2=" ">
    <subfield code="a">sin mediaci&#xF3;n</subfield>
    <subfield code="2">rdamedia</subfield>
  </datafield>
  <datafield tag="338" ind1=" " ind2=" ">
    <subfield code="2">rdacarrier</subfield>
    <subfield code="a">volumen</subfield>
  </datafield>
  <datafield tag="500" ind1=" " ind2=" ">
    <subfield code="a">Indica la derrota de los nav&#xED;os en 1794 con las fechas</subfield>
  </datafield>
  <datafield tag="501" ind1=" " ind2=" ">
    <subfield code="a">Inserta: "Plan de Port Chalmers". - Escala [ca. 1:86.133] 2 millas marinas [=4,3 cm]</subfield>
  </datafield>
  <datafield tag="507" ind1=" " ind2=" ">
    <subfield code="a">Escala calculada a partir de 1 grado de latitud</subfield>
  </datafield>
  <datafield tag="522" ind1=" " ind2=" ">
    <subfield code="a">Abarca parte de la costa meridional de Alaska</subfield>
  </datafield>
  <datafield tag="596" ind1=" " ind2=" ">
    <subfield code="a">Datos y a&#xF1;o de edici&#xF3;n tomados del atlas en el que se encuentra el mapa</subfield>
  </datafield>
  <datafield tag="611" ind1="2" ind2="0">
    <subfield code="a"> Vancouver, Expedici&#xF3;n de, </subfield>
    <subfield code="d">1791-1795</subfield>
    <subfield code="9">239420</subfield>
  </datafield>
  <datafield tag="651" ind1=" " ind2="0">
    <subfield code="a">Am&#xE9;rica del Norte</subfield>
    <subfield code="v">Mapas</subfield>
    <subfield code="2">embne</subfield>
    <subfield code="9">239286</subfield>
  </datafield>
  <datafield tag="655" ind1=" " ind2="4">
    <subfield code="a">Mapas topogr&#xE1;ficos-</subfield>
    <subfield code="y">S. XVIII</subfield>
    <subfield code="9">239293</subfield>
  </datafield>
  <datafield tag="700" ind1="0" ind2=" ">
    <subfield code="a">Vancouver, George,</subfield>
    <subfield code="d">1757-1798</subfield>
    <subfield code="9">113045</subfield>
  </datafield>
  <datafield tag="710" ind1=" " ind2=" ">
    <subfield code="a">Imprimerie de la R&#xE9;publique (Francia)</subfield>
    <subfield code="9">239285</subfield>
  </datafield>
  <datafield tag="852" ind1=" " ind2=" ">
    <subfield code="a">ES-MaACL</subfield>
    <subfield code="c">DEPO2</subfield>
    <subfield code="d">Olim: B-6988</subfield>
    <subfield code="d">Olim: 155-A-2</subfield>
    <subfield code="j">GF-116(8)</subfield>
    <subfield code="9">204452</subfield>
    <subfield code="x">Encuadernado con otros mapas formando un volumnen facticio.</subfield>
  </datafield>
  <datafield tag="942" ind1=" " ind2=" ">
    <subfield code="2">udc</subfield>
    <subfield code="n">0</subfield>
    <subfield code="c">CARTOGRAFI</subfield>
  </datafield>
  <datafield tag="999" ind1=" " ind2=" ">
    <subfield code="c">196752</subfield>
    <subfield code="d">196752</subfield>
  </datafield>
  <datafield tag="952" ind1=" " ind2=" ">
    <subfield code="0">0</subfield>
    <subfield code="1">0</subfield>
    <subfield code="2">udc</subfield>
    <subfield code="4">0</subfield>
    <subfield code="7">0</subfield>
    <subfield code="a">ATENEOM</subfield>
    <subfield code="b">ATENEOM</subfield>
    <subfield code="c">DEPO2</subfield>
    <subfield code="d">2024-11-04</subfield>
    <subfield code="l">0</subfield>
    <subfield code="o">GF-116(8)</subfield>
    <subfield code="p">101229303</subfield>
    <subfield code="r">2024-11-04 00:00:00</subfield>
    <subfield code="w">2024-11-04</subfield>
    <subfield code="y">CARTOGRAFI</subfield>
  </datafield>
</record>
